If U Seek Amy - Britney Spears - All Lyrics - Statistics

General Stats
  • This quiz has been taken 159 times
  • The average score is 471 of 551
Answer Stats
Answer % Correct
a
100%
see
100%
see?
100%
you
100%
I
99%
Amy
98%
Ha-ha
98%
ha-ha-ho
98%
he-he
98%
me,
98%
me
98%
me)
98%
seek
98%
(Yeah,
98%
yeah)
98%
if
97%
Oh,
97%
(Oh)
97%
oh,
97%
Oh-oh,
97%
the
97%
and
95%
boys
95%
girls
95%
to
95%
to,
95%
all
94%
All
94%
of
93%
what
93%
Love
91%
(Love
91%
are
89%
hate
89%
when,
87%
begging
86%
Can
86%
she
86%
('Bout
85%
'bout
85%
have
85%
my
84%
want
84%
about
83%
can't
83%
seen
83%
But
82%
but
82%
Is
82%
is
82%
so,
82%
So
82%
in
80%
say
80%
go
79%
baby,
78%
baby
78%
tell
78%
'Cause
77%
‘Cause
77%
Do
77%
do
77%
her?
77%
her
77%
I'm
75%
I'ma
75%
just
75%
tonight?
75%
tonight
75%
bathroom,
74%
like)
74%
like
74%
La, la,
73%
la, la,
73%
la-la,
73%
la, la
73%
up
73%
know
72%
smoking
71%
that
70%
get
68%
gon'
68%
take
68%
wanna
68%
for
66%
don't
65%
outside?
65%
off
63%
somebody
63%
where
63%
home?
62%
brain
61%
gonna
61%
she's
61%
party
60%
told
59%
drink
58%
or
58%
piece
58%
does
57%
likes?
55%
buy
54%
club
54%
it's
53%
I've
53%
lime
52%
meet
51%
here
50%
was
50%
been
49%
now
48%
standing
47%
way
47%
they're
46%
waiting
46%
with
45%
face
44%
forever
44%
people
43%
hard
42%
closing
41%
knows
40%
wearing,
39%
once
38%
twice
38%
before,
37%
mind)
36%
whatever
36%
going,
34%
we'll
34%
(Let
33%
No matching quizzes found
Score Distribution
Percent of People with Each Score
Percentile by Number Answered
Your Score History
You have not taken this quiz